Statistiche per Digitazione veloce a 100

Clicka qui per fare il quiz!

Statistiche generali

  • Questo quiz è stato fatto 2.278 volte
  • Il punteggio medio è 70 su 100

Statistiche sulle risposte

#% Corretto
1
100%
2
99%
3
99%
4
99%
5
98%
6
98%
7
98%
8
98%
9
98%
10
95%
11
95%
12
94%
13
94%
14
94%
15
93%
16
93%
17
93%
18
92%
19
92%
20
92%
21
92%
23
92%
22
91%
24
91%
25
90%
26
90%
27
90%
28
89%
30
89%
29
88%
31
88%
32
88%
34
87%
33
86%
35
86%
36
86%
37
85%
38
85%
39
85%
40
84%
41
83%
44
83%
42
82%
43
82%
45
81%
47
81%
46
80%
48
80%
49
79%
50
79%
51
78%
52
77%
55
76%
53
75%
54
75%
56
74%
57
72%
58
70%
59
70%
60
70%
61
68%
62
67%
63
65%
64
65%
66
64%
65
63%
67
61%
68
58%
69
57%
70
56%
71
55%
72
54%
73
51%
74
51%
75
51%
77
50%
76
49%
78
47%
80
43%
79
42%
81
42%
82
42%
83
39%
88
39%
84
38%
85
38%
86
36%
87
36%
89
36%
90
34%
91
33%
92
33%
93
33%
99
32%
95
31%
94
30%
96
30%
100
29%
97
28%
98
28%

Distribuzione punteggi

Percentile per numero di risposta

Percentuale di utenti per punteggio

I tuoi punteggi nel tempo

Non hai fatto questo quiz